Loading...
| Literature - American | 0 | 6 | 0 | 1 | 60 | 35 | 85.33 | 2 | 3 | 0.00 | 0.00 |
| Literature - European | 0 | 5 | 0 | 1 | 50 | 69 | 118.40 | 1 | 1 | 0.00 | 0.00 |
| Philosophy | 0 | 5 | 1 | 1 | 45 | 77 | 99.00 | 0 | 2 | 0.00 | 0.00 |
| Literature - British | 0 | 4 | 0 | 1 | 40 | 103 | 122.25 | 0 | 0 | 0.00 | 0.00 |
| Science - Chemistry | 0 | 4 | 2 | 0 | 30 | 46 | 63.75 | 1 | 3 | 0.00 | 0.00 |
| Science - Other | 0 | 2 | 0 | 0 | 20 | 62 | 70.50 | 0 | 1 | 0.00 | 0.00 |
| Science - Physics | 0 | 2 | 0 | 1 | 20 | 62 | 95.50 | 0 | 1 | 0.00 | 0.00 |
| Fine Arts - Painting and Sculpture | 0 | 2 | 0 | 0 | 20 | 87 | 112.00 | 0 | 0 | 0.00 | 0.00 |
| Science - Biology | 0 | 3 | 3 | 1 | 15 | 62 | 68.67 | 0 | 2 | 0.00 | 0.00 |
| Fine Arts - Classical Music | 0 | 1 | 0 | 0 | 10 | 112 | 112.00 | 0 | 0 | 0.00 | 0.00 |
| Fine Arts - Other | 0 | 1 | 0 | 0 | 10 | 119 | 119.00 | 0 | 0 | 0.00 | 0.00 |
| Literature - World | 0 | 1 | 0 | 0 | 10 | 136 | 136.00 | 0 | 0 | 0.00 | 0.00 |
| Mythology | 0 | 1 | 0 | 0 | 10 | 102 | 102.00 | 0 | 0 | 0.00 | 0.00 |
| Other Academic | 0 | 1 | 0 | 0 | 10 | 111 | 111.00 | 0 | 0 | 0.00 | 0.00 |
| Popular Culture | 0 | 1 | 0 | 0 | 10 | 74 | 74.00 | 0 | 0 | 0.00 | 0.00 |
| Social Science | 0 | 0 | 0 | 0 | 0 | 0.00 | 0 | 0 | 0.00 | 0.00 |